000 00576nam a2200181 a 4500
001 000042505
005 20201002040210.0
008 131205s1989 ag ac 000 0 spa d
020 _a9505110723
040 _aDO-SdBNP
_bspa
_cBNPHU
082 _axxx
_bxxx
100 1 _aDoman, Fabián
_969432
245 1 4 _aLos Alsogaray :
_bsecretos de una dinastía y su corte /
_cFabián Doman, Martín Olivera.
260 _aBuenos Aires, Argentina :
_bAguilar,
_c1989.
300 _a239 p. :
_bil., retrs. ;
_c22 cm.
590 _aInventariado, 2019/VM
700 1 2 _aOlivera, Martín
_969433
999 _c41994
_d41994